00493nam a2200193Ia 4500008004100000020001400041050001400055100001700069245002100086245004200107245004900149260001500198260001600213260000900229300001600238300002700254300001000281500000800291170918s9999 xx 000 0 und d a439063000 bJ611 1997 aJiang, Ji-li aRed scarf girl : ba memoir of the cultural revolution / cJi-li Jiang ; foreword by David Henry Hwang. aNew York : bScholastic, c1997 a285 pages : bcolored illustration ; c19cm. a780